Ninho - Complètes les paroles - Statistiques

Statistiques générales
  • Ce quiz a été pris 2 680 fois
  • Le résultat moyen est 3 sur 15
Statistiques - réponses
Musique Paroles Réponse % Correct
Sans peine La haine se transforme en dalle, la dalle se transforme en Réussite
67%
Dis moi que tu m’aimes Relation discrète, relation parfaite, vivons cachés et On aura moins de problèmes
47%
Malcolm Me demande pas pourquoi, je répondrai Parce que
42%
Malcolm Et les derniers seront les premiers Quand ils pourront tricher
36%
Vrais Moi j'étais vrai, ils étaient faux, j'ai été obligé D’couper les ponts
26%
MILS 2.0 Pas loin d'la cage d'escaliers, certifié par La Street et la SNEP
20%
Pour nous Tu bois un verre à ma santé, Et le pire c’est qu’il m’abîme le foie
19%
Jusqu’à minuit J'les vois faire semblant d'être content pour moi, tout en se demandant Combien ça touche par mois
18%
Sourire La vie n'est pas un rêve bleu, mais un Cauchemar noir
15%
Tokarev Une écriture remplie de haine, La cabeza remplie de rêves
9%
La vie qu’on mène Ceux qui parlent fort sont que des baltringues déguisées
9%
Sourire Mais avant ma mort, pour ma mère, C’est les plus belles roses que j’irai cueillir
8%
Jeune Lossa Et quand j'recompte les frèros, c'est bizarre mais J’ai peu de noms qui traversent ma tête
7%
L’ancien Tu vois tout le mal qu’on fait, c’est pour s'refaire, et quand l’étau se resserre, on balance pas les frères
5%
Un poco Si tu sautes, je saute aussi même s'ils sont sept, j'reviendrai avec une arme à feu si on perds
3%
Aucun quiz correspondant
Distribution des résultats
% des personnes avec chaque résultat
Percentile par nombre de réponses
Votre historique - résultats
Vous n’avez pas pris ce quiz